000 00790nam a2200241Ia 4500
003 GCL
008 140319s9999 xx 000 0 ara d
040 _aGCL /
_cGCL
082 0 4 _a953.02
_bف ت
100 1 _aفاروق عمر
245 1 0 _aالتاريخ الاسلامى وفكر القرن العشرين /
_cفاروق عمر
260 _a[S.N] :
_bمؤسسة المطبوعات العربية
490 _a
650 0 4 _aالحركات الفكرية عند المسلمين
650 0 4 _aالخوارج
650 0 4 _aالبهائية
650 0 4 _aالتاريخ الاسلامى
650 0 4 _aالدولة العباسية
650 0 4 _aالفرق الاسلامية
650 0 4 _aالالحاد والملحدون
650 0 4 _aالشعوبية
942 _2ddc
_cBK
999 _c35042
_d35042